000 00608nab a2200277Ia 4500
001 6322
008 191123s9999 xx 000 0 und d
041 _aspa
044 _aag
100 _aChelo, Enrique,
260 _aBuenos Aires :
_bSociedad Argentina de Artistas Plásticos,
_c1938.
300 _app. 14
650 _aBRUEGEL, PIETER
650 _aHOLANDA
650 _aPINTURAS
902 _aS
903 _aa
904 _aas
907 _aImpreso
912 _a1938
920 _an. 5
942 _cANALITICA
999 _c13926
_d13926
490 0 _aForma
245 0 _aBruegel "El Viejo"